00418nam a2200157Ia 450000500170000000800460001703700120006304000200007504100130009508400210010810000210012924500410015026000450019130000100023665000140024620250508163344.0008 250505s9999 xx 000 0 eng d aTextual aFEDLbengcFEDL aeng2eng a370.7, MUKqFEDL aMukerji S.N. Ed. 0aEducation of teachers in India Vols. aDelhi, IndiabS. Chand and Companyc1968 a553p. aEducation